|
|
|
|
| LEADER |
00000cam a2200000 7i4500 |
| 001 |
0000051808 |
| 005 |
20151006.0 |
| 008 |
150909 |
| 020 |
|
|
|a 9673035984
|
| 020 |
|
|
|a 9789673035984
|
| 090 |
0 |
0 |
|a 155.413
|b THE
|
| 100 |
0 |
|
|a Nithy,Theva Dr
|
| 245 |
1 |
0 |
|a Anak anda genius :
|b Maksimumkan potensi anak anda
|c Dr Theva Nithy
|
| 260 |
|
|
|a Kuala Lumpur :
|b Marshall Cavendish ,
|c 2011
|
| 300 |
|
|
|a 197pg.
|
| 650 |
|
0 |
|a Child development
|
| 999 |
|
|
|a 0001225971
|b Book
|c Adult Collection
|e Cawangan Bukit Gambir
|
| 999 |
|
|
|a 0001225972
|b Book
|c Adult Collection
|e Cawangan Tangkak
|
| 999 |
|
|
|a 0001225973
|b Book
|c Adult Collection
|e Cawangan Mersing
|
| 999 |
|
|
|a 0001225974
|b Book
|c Adult Collection
|e Cawangan Kota Tinggi
|
| 999 |
|
|
|a 0001225976
|b Book
|c Adult Collection
|e Cawangan Tmn. Ungku Tun Aminah
|
| 999 |
|
|
|a 0001225977
|b Book
|c Adult Collection
|e Cawangan Taman Sri Lambak
|
| 999 |
|
|
|a 0001225979
|b Book
|c Adult Collection
|e Cawangan Muar
|
| 999 |
|
|
|a 0001225980
|b Book
|c Adult Collection
|e Cawangan Muar
|
| 999 |
|
|
|a 0001225983
|b Book
|c Adult Collection
|e Cawangan Segamat
|
| 999 |
|
|
|a 0001225984
|b Book
|c Adult Collection
|e Cawangan Pontian
|